| 000 | 00519nam a2200205 4500 | ||
|---|---|---|---|
| 001 | 139681 | ||
| 003 | ES-MaACL | ||
| 005 | 20230906195855.0 | ||
| 007 | t| | ||
| 008 | 070214s1922 fr r ||||1| fre d | ||
| 100 | 1 |
_aSavy, P. _9104087 |
|
| 245 | 1 | 0 |
_aPrécis de pratique médicale / _cP. Savy. |
| 250 | _a2ª. ed. | ||
| 260 |
_aParis : _bOctave Dion, _c1922. |
||
| 300 |
_a2 v. ; _c18 cm. |
||
| 490 | 1 | _aCol. testut | |
| 830 | 0 |
_aCol. testut _9220256 |
|
| 852 |
_aES-MaACL _jF-2624-25 |
||
| 999 |
_c139681 _d139681 |
||